000 01154nam0a2200301 4500
001 RU\NLR\bibl\1262293
005 20250615131536.0
010 _a978-5-8445-0190-6
_95000
021 _aRU
_b2008-47635
_92630
035 _a(NLR Aleph) 001248281
090 _a302604
_c302604
100 _a20080815d2008 |||y0rusy50 ca
101 1 _arus
_ceng
102 _aRU
105 _ay |||||||||
200 1 _aХристианин, освободи себя сам
_e[проверенные методы самостоятельного освобождения от демонического влияния]
_fГрэм и Ширли Пауэлл
_g[пер. с англ. Р.Б. Шемпель]
210 _aСанкт-Петербург
_cХристианская Миссия
_d2008
215 _a285 с.
_d21
606 1 _aЕвангелизация
_92082319
_3RU\NLR\auth\661258340
686 _aЭ376,0
700 1 _aПауэлл
_bГ.
_gГрэм
_4070
701 1 _aПауэлл
_bШ.
_gШирли
_4070
801 0 _aRU
_bNLR
_c20080815
_gRCR
801 1 _aRU
_bNLR
_c20080815
942 _cBOOK
980 _aNB